[Event "Santa Barbara Avendano Memorial"]
[Site "Santa Barbara"]
[Date "2024.03.02"]
[Round "6"]
[White "Arce Oviedo, Cesar"]
[Black "Calvo Campos, Adrian"]
[Result "0-1"]
[WhiteElo "1600"]
[BlackElo "1747"]
[PlyCount "66"]
[EventDate "2024.01.27"]
[EventType "swiss"]
[EventRounds "6"]
[EventCountry "CRI"]
[SourceTitle "EXT 2025"]
[Source "ChessBase"]
[SourceDate "2024.10.14"]
[SourceVersion "1"]
[SourceVersionDate "2024.10.14"]
[SourceQuality "1"]

1. d4 Nf6 2. Bf4 d5 3. e3 c5 4. c3 Nc6 5. Nd2 e6 6. Bd3 Bd6 7. Bg3 0-0 8. Ne2 e5 9. dxe5 Nxe5 10. Bb1 Re8 11. 0-0 b6 12. Nf4 Bb7 13. Bh4 Ng6 14. Bxg6 hxg6 15. Bg5 Qc7 16. Bxf6 gxf6 17. g3 d4 18. cxd4 Bxf4 19. exf4 Qc6 20. f3 Rad8 21. Qc2 Rxd4 22. Rf2 Re3 23. h4 Qd5 24. Ne4 Qf5 25. Kh2 Rxf3 26. Nc3 Rfd3 27. Rg1 Qd7 28. Ne2 Re4 29. Nc3 Red4 30. Ne2 Rd5 31. Re1 Qg4 32. Qa4 Rh5 33. Rg2 Rxh4+ 0-1

[Event "Santa Barbara Avendano Memorial"]
[Site "Santa Barbara"]
[Date "2024.02.03"]
[Round "2"]
[White "Calvo Campos, Adrian"]
[Black "Chinchilla Miranda, Eugenio"]
[Result "0-1"]
[WhiteElo "1747"]
[BlackElo "2177"]
[PlyCount "58"]
[EventDate "2024.01.27"]
[EventType "swiss"]
[EventRounds "6"]
[EventCountry "CRI"]
[SourceTitle "EXT 2025"]
[Source "ChessBase"]
[SourceDate "2024.10.14"]
[SourceVersion "1"]
[SourceVersionDate "2024.10.14"]
[SourceQuality "1"]

1. b3 e5 2. Bb2 Nc6 3. e3 Nf6 4. Bb5 Bd6 5. Na3 Na5 6. Nc4 Nxc4 7. Bxc4 0-0 8. Nf3 e4 9. Nd4 Re8 10. 0-0 Be5 11. c3 d5 12. Be2 c5 13. Nc2 Qd6 14. g3 Bh3 15. Re1 Rad8 16. d4 exd3 17. Qxd3 Ne4 18. f3 Bxg3 19. fxe4 Bxh2+ 20. Kh1 Qg3 21. Rg1 Bxg1 22. Rxg1 Qh4 23. Rg2 Bxg2+ 24. Kxg2 dxe4 25. Qb5 a6 26. Qa4 b5 27. Qxa6 Re6 28. Bxb5 Rg6+ 29. Kf1 Qh1+ 0-1

[Event "San Jose Picado"]
[Site "San Jose"]
[Date "2021.03.07"]
[Round "6"]
[White "Cabezas Solano, David Alejandro"]
[Black "Calvo Campos, Adrian"]
[Result "1/2-1/2"]
[WhiteElo "1962"]
[BlackElo "1755"]
[PlyCount "103"]
[EventDate "2021.03.02"]
[EventType "tourn"]
[EventRounds "7"]
[EventCountry "CRI"]
[SourceTitle "EXT 2022"]
[Source "ChessBase"]
[SourceDate "2021.10.06"]
[SourceVersion "1"]
[SourceVersionDate "2021.10.06"]
[SourceQuality "1"]

1. d4 Nf6 2. Nf3 d5 3. g3 c5 4. c4 Nc6 5. cxd5 Nxd4 6. Nxd4 cxd4 7. Qxd4 Qxd5 8. Qxd5 Nxd5 9. a3 Bd7 10. e4 Nf6 11. Nc3 Bc6 12. f3 a6 13. Be3 e6 14. Kf2 Be7 15. Bg2 0-0 16. Rhd1 Rfd8 17. e5 Nd5 18. Nxd5 Bxd5 19. f4 Bxg2 20. Kxg2 Kf8 21. Kf3 h5 22. Bb6 Rxd1 23. Rxd1 Ke8 24. Rc1 Bd8 25. Bd4 Kd7 26. Ke4 Rc8 27. Bc3 Rc4+ 28. Kd3 Rc5 29. h3 Ba5 30. Rc2 Bxc3 31. Rxc3 Kc6 32. b3 Rxc3+ 33. Kxc3 Kd5 34. Kd3 b6 35. a4 Kc5 36. Kc3 Kd5 37. Kd3 Kc5 38. Kc3 a5 39. h4 b5 40. axb5 Kxb5 41. Kd3 Kb4 42. Kc2 f6 43. f5 Kc5 44. fxe6 Kc6 45. Kd3 fxe5 46. Ke4 Kd6 47. Kf5 e4 48. Kxe4 Kxe6 49. Kd4 Kd6 50. Kc4 Kc6 51. Kd4 Kd6 52. Kc4 1/2-1/2

[Event "San Jose Picado"]
[Site "San Jose"]
[Date "2021.03.02"]
[Round "1"]
[White "Salazar Gould, Melannie"]
[Black "Calvo Campos, Adrian"]
[Result "1-0"]
[WhiteElo "1957"]
[BlackElo "1755"]
[PlyCount "107"]
[EventDate "2021.03.02"]
[EventType "tourn"]
[EventRounds "7"]
[EventCountry "CRI"]
[SourceTitle "EXT 2022"]
[Source "ChessBase"]
[SourceDate "2021.10.06"]
[SourceVersion "1"]
[SourceVersionDate "2021.10.06"]
[SourceQuality "1"]

1. e4 Nc6 2. Nf3 d6 3. Bc4 Nf6 4. d3 g6 5. c3 Bg7 6. Nbd2 0-0 7. Bb3 Na5 8. 0-0 Nxb3 9. axb3 c5 10. h3 b6 11. Re1 Bb7 12. Nf1 a6 13. Ng3 Rc8 14. Bf4 Nd7 15. Qd2 Ne5 16. Nh2 b5 17. d4 cxd4 18. cxd4 Nc6 19. d5 Nd4 20. Rac1 Rxc1 21. Qxc1 Nxb3 22. Qe3 Nc5 23. Bh6 Bxb2 24. Bxf8 Qxf8 25. Rb1 Qg7 26. Ng4 b4 27. h4 a5 28. Qe2 Bc3 29. Qb5 h5 30. Ne3 a4 31. Nd1 Ba6 32. Qa5 Be1 33. Kh2 Qe5 34. Qd8+ Kg7 35. Kg1 Nxe4 36. Qb6 Bd3 37. Rxb4 Nxg3 38. fxg3 Bxg3 39. Qd4 Bc2 40. Ne3 Bb3 41. Qxe5+ Bxe5 42. Kf2 Bb2 43. Ke2 e6 44. dxe6 fxe6 45. Rb6 Bd4 46. Rxd6 Bxe3 47. Kxe3 a3 48. Ra6 a2 49. Kf4 Kf6 50. g3 Bc4 51. Ra7 Bd5 52. Ra6 Bb3 53. Ra7 Bc4 54. Ra5 1-0